[Event "Challenge"]
[Site "http://www.queenalice.com/game.php?id=48274"]
[Date "2006.1.17"]
[Round "-"]
[White "faxil"]
[Black "luclever"]
[Result "0-1"]
[WhiteElo "1259"]
[BlackElo "1231"]

1. d4 e5 2. dxe5 Nc6 3. Nf3 Qe7 4. Bf4 Qb4+ 5. Bd2 Qxb2 6. Nc3 Nb4 7. Nd4 Na6 8.
Rb1 Qa3 9. Ndb5 Qc5 10. e6 fxe6 11. e4 Nf6 12. Be3 Qc6 13. Bd3 b6 14. e5 Qxg2
15. Rf1 Nd5 16. Nxd5 exd5 17. Bf4 c6 18. Nd6+ Bxd6 19. exd6 O-O 20. Be5 Nc5 21.
Kd2 Nxd3 22. cxd3 Rxf2+ 23. Rxf2 Qxf2+ 24. Kc3 Qxa2 25. Qg1 Qa5+ 26. Kc2 Qc5+
27. Qxc5 bxc5 28. Rg1 g6 29. h4 a5 30. h5 Kf7 31. h6 a4 32. Bg7 Ke6 33. Re1+
Kxd6 34. Be5+ Ke6 35. Bg7+ Kf5 36. Rf1+ Kg5 37. Bf6+ Kg4 38. Rg1+ Kf5 39. Rf1+
Ke6 40. Bg5 d4 41. Rf6+ Ke5 42. Rf7 a3 43. Kb1 Ba6 44. Bf4+ Ke6 45. Rxh7 Bxd3+
46. Ka1 g5 47. Bxg5 Bxh7 0-1

[Event "AUTO-INT-73"]
[Site "http://www.queenalice.com/game.php?id=51586"]
[Date "2006.2.8"]
[Round "1"]
[White "juba"]
[Black "luclever"]
[Result "0-1"]
[WhiteElo "1149"]
[BlackElo "1472"]

1. d4 c6 2. e3 d5 3. c3 Nf6 4. Nf3 Bg4 5. Be2 e6 6. Ne5 Bf5 7. Bh5 Bg6 8. Bxg6
hxg6 9. O-O Bd6 10. f4 Nbd7 11. Nd2 c5 12. Ndf3 Rc8 13. Qe2 Qb6 14. a4 c4 15.
Ng5 Rf8 16. Ngxf7 Rxf7 17. Nxf7 Kxf7 18. b4 Ne4 19. Qe1 Rh8 20. g4 Ndf6 21. h4
Nxg4 22. a5 Qd8 23. Rf3 Qxh4 24. Qxh4 Rxh4 25. Kf1 Nxc3 26. Bb2 Nh2+ 27. Kg2 Ne4
28. Rh3 Rxh3 29. Kxh3 Nf3 30. Kg4 Nfd2 31. b5 c3 32. Bc1 Nf2+ 33. Kg5 Nd3 34.
Bxd2 cxd2 35. Rd1 Bb4 36. b6 a6 37. Kg4 Nf2+ 38. Kf3 Nxd1 39. Ke2 Nxe3 40. Kxe3
d1=Q 41. f5 gxf5 42. Kf4 Qxd4+ 0-1

[Event "AUTO-INT-73"]
[Site "http://www.queenalice.com/game.php?id=51587"]
[Date "2006.2.8"]
[Round "1"]
[White "luclever"]
[Black "juba"]
[Result "1-0"]
[WhiteElo "1477"]
[BlackElo "1149"]

1. b3 e5 2. Bb2 d6 3. e3 f6 4. c4 Nc6 5. Qc2 Nge7 6. a3 Bf5 7. d3 d5 8. cxd5
Nxd5 9. e4 Nd4 10. Bxd4 exd4 11. exf5 Qd7 12. Nf3 c5 13. Be2 Qxf5 14. O-O Bd6
15. Nbd2 O-O 16. Ne4 Qd7 17. Nxc5 Rfc8 18. b4 b6 19. Qb3 bxc5 20. Qxd5+ Kf8 21.
Qh5 Kg8 22. bxc5 Bxc5 23. Rfc1 Bd6 24. Qd5+ Kf8 25. Qxd4 Qe6 26. Qe4 Qd7 27.
Qxh7 Bxa3 28. Rxc8+ Qxc8 29. Qh8+ Kf7 30. Qxc8 Rxc8 31. Rxa3 Rc1+ 32. Bf1 Kg6
33. Rxa7 Kh6 34. g3 g5 35. Kg2 g4 36. Nh4 Kg5 37. Ra5+ f5 38. Rxf5+ Kh6 39. Rf6+
Kg5 40. Rg6+ Kh5 41. d4 Rd1 42. Rxg4 Rd2 43. Nf3 Ra2 44. h3 Ra5 45. Rg5+ Rxg5
46. Nxg5 Kxg5 47. f4+ 1-0

[Event "AUTO-INT-73"]
[Site "http://www.queenalice.com/game.php?id=51601"]
[Date "2006.2.8"]
[Round "1"]
[White "luclever"]
[Black "Aachen"]
[Result "1-0"]
[WhiteElo "1264"]
[BlackElo "1694"]

1. b3 Nf6 2. Bb2 e6 3. e3 Nc6 4. c4 Be7 5. Qc2 O-O 6. a3 b6 7. Bd3 h6 8. Nf3 Bb7
9. Nc3 Rc8 10. h3 d5 11. cxd5 Nxd5 12. Nxd5 exd5 13. O-O Bf6 14. Bf5 Rb8 15.
Bxf6 Qxf6 16. Rac1 Rbd8 17. Rfd1 Ne7 18. Qxc7 Ba6 19. Bg4 Be2 20. Re1 Bxf3 21.
Bxf3 Rc8 22. Qxa7 Ra8 23. Qd7 Rfd8 24. Qc7 Rdc8 25. Qf4 Qxf4 26. Rxc8+ Rxc8 27.
exf4 Ng6 28. f5 Nf4 29. Kh2 Rc2 30. Kg3 Nd3 31. Re8+ Kh7 32. Bxd5 g5 33. Be4 f6
34. Bxd3 Rxd2 35. Bc4 Rb2 36. Rb8 b5 37. Rxb5 h5 38. Rb7+ Kh8 39. Rf7 h4+ 40.
Kg4 Rxf2 41. Kh5 Rxg2 42. Kg6 1-0

[Event "AUTO-INT-73"]
[Site "http://www.queenalice.com/game.php?id=51610"]
[Date "2006.2.8"]
[Round "1"]
[White "luclever"]
[Black "alierfree"]
[Result "1-0"]
[WhiteElo "1302"]
[BlackElo "1250"]

1. b3 c5 2. Bb2 d5 3. e3 Nc6 4. Nf3 Bg4 5. d4 e6 6. dxc5 Bxc5 7. Bxg7 Qe7 8.
Bxh8 f6 9. h3 Bh5 10. g4 Bg6 11. g5 O-O-O 12. gxf6 Nxf6 13. Bxf6 Qxf6 14. Nbd2
Bxc2 15. Qxc2 Qxa1+ 16. Ke2 d4 17. exd4 Bxd4 18. Bg2 Qc3 19. Qxc3 Bxc3 20. Rc1
Ba5 21. Nc4 Bb4 22. Nfe5 Nd4+ 23. Kf1 b5 24. Nb6+ Kb8 25. Nbd7+ 1-0

[Event "AUTO-INT-73"]
[Site "http://www.queenalice.com/game.php?id=51611"]
[Date "2006.2.8"]
[Round "1"]
[White "alierfree"]
[Black "luclever"]
[Result "0-1"]
[WhiteElo "1192"]
[BlackElo "1354"]

1. e4 c6 2. Nf3 d5 3. e5 Bf5 4. d4 e6 5. Bd3 Bg6 6. O-O Qb6 7. b3 c5 8. Bb2 Nc6
9. Qe2 cxd4 10. Bb5 Bc5 11. Rd1 Ne7 12. Nxd4 O-O 13. Nxc6 Nxc6 14. Bd3 Rac8 15.
c4 Nb4 16. Bxg6 fxg6 17. Nc3 Rxf2 18. Qxf2 Bxf2+ 19. Kh1 d4 20. Ne2 d3 21. Nf4
Re8 22. Nxd3 Nxd3 23. Rxd3 Rd8 24. Rad1 Rxd3 25. Rxd3 a5 26. g3 Bc5 27. a3 Qc6+
0-1

[Event "Challenge"]
[Site "http://www.queenalice.com/game.php?id=52960"]
[Date "2006.2.14"]
[Round "-"]
[White "tonyalme"]
[Black "luclever"]
[Result "1-0"]
[WhiteElo "1500"]
[BlackElo "1264"]

1. d4 e5 2. dxe5 Nc6 3. Nf3 Qe7 4. Nc3 Nxe5 5. Bf4 Nxf3+ 6. gxf3 Qb4 7. Qd2 Nf6
8. Bxc7 Qxb2 9. Rb1 Qa3 10. Rg1 Qa6 11. e4 Qe6 12. Nb5 Qxa2 13. Rd1 a6 14. Nd6+
Bxd6 15. Bxd6 Qb2 16. e5 Ng8 17. Bc4 Ne7 18. Bxf7+ Kxf7 19. Qf4+ Ke8 20. Rxg7
Qc3+ 21. Rd2 Nc6 22. Qf7+ 1-0

[Event "AUTO-ADV-142"]
[Site "http://www.queenalice.com/game.php?id=54491"]
[Date "2006.2.24"]
[Round "1"]
[White "Zorro"]
[Black "luclever"]
[Result "0-1"]
[WhiteElo "1442"]
[BlackElo "1441"]

1. e4 c6 2. e5 d5 3. Nf3 Bg4 4. h3 Bh5 5. g4 Bg6 6. d3 e6 7. Nh4 Qxh4 8. Nc3 Nd7
9. d4 Bb4 10. Bd2 h5 11. a3 Ba5 12. b4 Bb6 13. Be3 Nxe5 14. Na4 Nxg4 15. Qe2
Nxe3 16. Qxe3 Bxd4 17. Qxd4 Qxd4 18. Rd1 Qe4+ 19. Be2 Qxh1+ 20. Kd2 Qxh3 21. Nc5
Qxa3 22. Nd3 Bxd3 23. Bxd3 Qxb4+ 24. c3 Qf4+ 25. Ke1 h4 26. Kf1 h3 27. Re1 h2
28. Re3 h1=Q+ 29. Ke2 Rh2 0-1

[Event "AUTO-ADV-142"]
[Site "http://www.queenalice.com/game.php?id=54492"]
[Date "2006.2.24"]
[Round "1"]
[White "luclever"]
[Black "Zorro"]
[Result "1-0"]
[WhiteElo "1482"]
[BlackElo "1451"]

1. b3 e5 2. Bb2 Nc6 3. e3 a6 4. c4 b5 5. cxb5 axb5 6. Bxb5 Bb7 7. Nf3 Bd6 8. Nc3
Na5 9. Qc2 Bxf3 10. gxf3 c6 11. Bd3 Nf6 12. Rc1 O-O 13. Ne4 Nxe4 14. Bxe4 Rc8
15. Bxh7+ Kh8 16. Bf5 Qf6 17. Bxd7 Rc7 18. Bg4 c5 19. d3 Qg6 20. h4 f5 21. Bh3
Nc6 22. h5 Qf6 23. h6 gxh6 24. f4 Nb4 25. Qd2 Nxa2 26. fxe5 Bxe5 27. Bxe5 Qxe5
28. Qxa2 f4 29. e4 Rcc8 30. Bxc8 Rxc8 31. Qa6 Rc7 32. Qxh6+ Kg8 33. Rg1+ Kf7 34.
Qh7+ Ke8 35. Rg8# 1-0

[Event "AUTO-ADV-142"]
[Site "http://www.queenalice.com/game.php?id=54505"]
[Date "2006.2.24"]
[Round "1"]
[White "luclever"]
[Black "Aachen"]
[Result "1-0"]
[WhiteElo "1376"]
[BlackElo "1761"]

1. b3 d5 2. Bb2 Nc6 3. e3 e5 4. Bb5 Bd6 5. f4 f6 6. fxe5 Bxe5 7. Bxc6+ bxc6 8.
Bxe5 fxe5 9. Qh5+ Kf8 10. Qxe5 Qf6 11. Nf3 Ba6 12. Nc3 Rc8 13. Na4 Qxe5 14. Nxe5
Ne7 15. Nc5 g6 16. Nxa6 Kg7 17. O-O Rhf8 18. Rxf8 Rxf8 19. Rf1 Rxf1+ 20. Kxf1 c5
21. Nxc7 Kf6 22. Nd7+ Kg5 23. Nxc5 1-0

[Event "AUTO-ADV-142"]
[Site "http://www.queenalice.com/game.php?id=54506"]
[Date "2006.2.24"]
[Round "1"]
[White "Aachen"]
[Black "luclever"]
[Result "0-1"]
[WhiteElo "1782"]
[BlackElo "1352"]

1. Nf3 c6 2. c4 d5 3. cxd5 cxd5 4. d4 Nc6 5. Bf4 Qb6 6. b3 Bf5 7. e3 e6 8. Nc3
Bb4 9. Rc1 Qa5 10. Qd2 Nf6 11. Ng1 Ne4 0-1

[Event "AUTO-ADV-142"]
[Site "http://www.queenalice.com/game.php?id=54507"]
[Date "2006.2.24"]
[Round "1"]
[White "luclever"]
[Black "TLT"]
[Result "1-0"]
[WhiteElo "1482"]
[BlackElo "1026"]

1. b3 f6 2. Bb2 e5 3. e3 d5 4. d4 e4 5. c4 c6 6. cxd5 cxd5 7. Bb5+ Bd7 8. Qh5+
g6 9. Qxd5 Bb4+ 10. Bc3 Bxc3+ 11. Nxc3 Qc7 12. Bxd7+ Nxd7 13. Qxe4+ Ne7 14. Nge2
Kf7 15. O-O Rhe8 16. Rfc1 Qa5 17. Qxb7 Rad8 18. Qb5 Qa3 19. Nf4 Qd6 20. Qc4+ 1-0

[Event "AUTO-ADV-142"]
[Site "http://www.queenalice.com/game.php?id=54508"]
[Date "2006.2.24"]
[Round "1"]
[White "TLT"]
[Black "luclever"]
[Result "0-1"]
[WhiteElo "1070"]
[BlackElo "1482"]

1. e4 c6 2. d4 d5 3. Nc3 dxe4 4. Nxe4 Nf6 5. Nxf6+ gxf6 6. Bc4 Rg8 7. g3 Bg4 8.
Qd3 Qa5+ 9. Bd2 Qf5 10. Qxf5 Bxf5 11. O-O-O Nd7 12. f3 e6 13. Ne2 a5 14. g4 Bg6
15. Nf4 Nb6 16. Be2 f5 17. g5 Bb4 18. h4 Bxd2+ 19. Rxd2 h6 20. gxh6 Bh7 21. Nh5
Rg6 22. Ng7+ Ke7 23. h5 Rxh6 24. Bd1 Rg8 25. Rg2 Kf8 26. Rhg1 Nd5 27. f4 Nxf4
28. Rg5 Nh3 0-1

[Event "Challenge"]
[Site "http://www.queenalice.com/game.php?id=58618"]
[Date "2006.3.21"]
[Round "-"]
[White "luclever"]
[Black "pawn_buzzard"]
[Result "1-0"]
[WhiteElo "1503"]
[BlackElo "1657"]

1. b3 Nc6 2. Bb2 b6 3. Nf3 Bb7 4. d4 e6 5. e3 Bb4+ 6. c3 Be7 7. Qc2 Nf6 8. Nbd2
d5 9. Bd3 Qd6 10. e4 e5 11. dxe5 Qe6 12. exf6 Bxf6 13. O-O O-O-O 14. e5 Ne7 15.
exf6 gxf6 16. Nd4 Qg4 17. Bf5+ Nxf5 18. Qxf5+ Qxf5 19. Nxf5 Kb8 20. Rfe1 Rhg8
21. Re7 d4 22. Ne4 d3 23. c4 Rde8 24. Rxe8+ Rxe8 25. Nd2 Re2 26. Bc3 Kc8 27. Kf1
Kd7 28. Ne3 f5 29. Nxf5 Re8 30. Rd1 Rg8 31. Nf3 1-0

[Event "AUTO-ADV-142"]
[Site "http://www.queenalice.com/game.php?id=65171"]
[Date "2006.4.23"]
[Round "2"]
[White "retalhador"]
[Black "luclever"]
[Result "0-1"]
[WhiteElo "1895"]
[BlackElo "1590"]

1. e4 c6 2. d4 d5 3. exd5 cxd5 4. c4 Nf6 5. Nf3 Nc6 6. Nc3 Bg4 7. Bg5 Bxf3 8.
Qxf3 Nxd4 9. Qd1 dxc4 10. Bxf6 gxf6 11. Bxc4 Qd6 12. Nb5 Qe5+ 13. Kf1 Nxb5 14.
Qb3 Nd6 15. Re1 Nxc4 16. Qxc4 Qa5 17. g3 Qa6 18. Qxa6 bxa6 19. Kg2 e6 0-1

[Event "AUTO-ADV-142"]
[Site "http://www.queenalice.com/game.php?id=65172"]
[Date "2006.4.23"]
[Round "2"]
[White "luclever"]
[Black "retalhador"]
[Result "1-0"]
[WhiteElo "1532"]
[BlackElo "1895"]

1. b3 d5 2. Bb2 Nc6 3. e3 e5 4. Bb5 Bd6 5. f4 exf4 6. Bxg7 Qh4+ 7. Kf1 fxe3 8.
Qe1 Qf4+ 9. Nf3 Qg4 10. Qxe3+ Be6 11. Bxc6+ bxc6 12. Bxh8 c5 13. Qg5 Qe4 14.
Qxg8+ Kd7 15. Qxa8 Qxc2 16. Nc3 Qd3+ 17. Ke1 Bg4 18. Qxd5 Qc2 19. Qe4 Qxe4+ 20.
Nxe4 1-0

[Event "AUTO-ADV-142"]
[Site "http://www.queenalice.com/game.php?id=65173"]
[Date "2006.4.23"]
[Round "2"]
[White "cd_dasilva"]
[Black "luclever"]
[Result "0-1"]
[WhiteElo "1590"]
[BlackElo "1570"]

1. e4 c6 2. d4 d5 3. e5 Bf5 4. Nf3 e6 5. Bd3 Bxd3 6. Qxd3 c5 7. c3 Nc6 8. b3
cxd4 9. cxd4 Nb4 10. Qc3 Rc8 11. Qd2 Nc2+ 12. Ke2 Nxa1 13. Bb2 Rc2 14. Bxa1
Rxd2+ 15. Nbxd2 Bb4 16. Rc1 Bxd2 17. Nxd2 Ne7 18. Bc3 O-O 19. Kf1 Nc6 20. Nf3
Qb6 21. g3 Qa6+ 22. Kg2 Qxa2 23. b4 Qa3 24. b5 Qxc1 0-1

[Event "AUTO-ADV-142"]
[Site "http://www.queenalice.com/game.php?id=65174"]
[Date "2006.4.23"]
[Round "2"]
[White "luclever"]
[Black "cd_dasilva"]
[Result "1-0"]
[WhiteElo "1622"]
[BlackElo "1685"]

1. b3 Nf6 2. Bb2 d5 3. e3 e5 4. Bxe5 Bd6 5. Bb2 O-O 6. c4 c6 7. Qc2 Nbd7 8. Nf3
Re8 9. Nc3 Ne5 10. Nxe5 Bxe5 11. Bd3 d4 12. Nd1 c5 13. O-O a6 14. f4 Bc7 15. e4
b5 16. cxb5 axb5 17. e5 Nd7 18. Bxh7+ Kf8 19. Bf5 c4 20. bxc4 Bb6 21. Qb3 bxc4
22. Ba3+ Nc5 23. Bxc5+ Bxc5 24. Qxc4 Bb6 25. Bxc8 Rxc8 26. Qd3 g6 27. f5 gxf5
28. Qxf5 d3+ 29. Ne3 Rc7 30. e6 Rxe6 31. Qxe6 1-0

[Event "AUTO-INT-73"]
[Site "http://www.queenalice.com/game.php?id=74307"]
[Date "2006.6.4"]
[Round "2"]
[White "Eagle"]
[Black "luclever"]
[Result "0-1"]
[WhiteElo "1356"]
[BlackElo "1642"]

1. e4 c6 2. d4 d5 3. Nc3 dxe4 4. Nxe4 Nf6 5. Nxf6+ gxf6 6. Nf3 Bf5 7. Be2 Nd7 8.
O-O e6 9. b3 Bg7 10. Bb2 Qb6 11. Bd3 Bg4 12. Be2 Bf5 13. c4 O-O-O 14. c5 Qc7 15.
Nh4 Bg6 16. Bh5 Nxc5 17. Rc1 Nd3 18. Nxg6 hxg6 19. Qxd3 Rxh5 20. g3 Rdh8 21. Kg2
Rxh2+ 22. Kf3 Qa5 23. a3 Qh5+ 24. g4 Rh3+ 25. Ke2 Qxg4+ 26. f3 Rh2+ 27. Ke1 Qg3+
28. Kd1 Rxb2 0-1

[Event "AUTO-INT-73"]
[Site "http://www.queenalice.com/game.php?id=74308"]
[Date "2006.6.4"]
[Round "2"]
[White "luclever"]
[Black "Eagle"]
[Result "1-0"]
[WhiteElo "1647"]
[BlackElo "1356"]

1. b3 e5 2. Bb2 Nc6 3. e3 d5 4. Bb5 Bd7 5. Bxc6 Bxc6 6. Bxe5 f6 7. Bb2 g6 8. Nf3
Bg7 9. O-O Ne7 10. Nd4 Qd6 11. Ba3 Qd7 12. Bxe7 Kxe7 13. Nc3 f5 14. Qe2 Rae8 15.
Qd3 Kd8 16. Rac1 Qd6 17. Nxc6+ Qxc6 18. Nxd5 Be5 19. Nf6+ Bd6 20. Nxe8 Rxe8 21.
Qd4 b6 22. c4 Kc8 23. Qh4 h5 24. d4 Re4 25. Qh3 Kb7 26. Qf3 Bxh2+ 27. Kxh2 Rh4+
28. Kg1 Qxf3 29. gxf3 1-0

[Event "AUTO-INT-73"]
[Site "http://www.queenalice.com/game.php?id=74311"]
[Date "2006.6.4"]
[Round "2"]
[White "luclever"]
[Black "fabian"]
[Result "1-0"]
[WhiteElo "1651"]
[BlackElo "1549"]

1. b3 e5 2. Bb2 Nc6 3. e3 h5 4. c4 Qf6 5. Nc3 d6 6. Nf3 Bf5 7. Nd5 Qd8 8. a3 e4
9. Qc2 Qd7 10. Ng5 Ne5 11. Nxe4 c6 12. Nf4 Nf6 13. Nxf6+ gxf6 14. e4 Bh7 15.
Nxh5 Qe6 16. Ng3 a5 17. d4 Ng4 18. h3 Nh6 19. Bd3 Rg8 20. O-O-O Rg5 21. d5 cxd5
22. exd5 Qd7 23. Bxh7 f5 24. Bf6 Be7 25. Rhe1 Rg6 26. Bxg6 fxg6 27. Rxe7+ Qxe7
28. Bxe7 Kxe7 29. Qc3 Kd7 30. Qg7+ Ke8 31. Re1+ Kd8 32. Qxb7 Rc8 33. Re7 Ng8 34.
Qd7# 1-0

[Event "AUTO-INT-73"]
[Site "http://www.queenalice.com/game.php?id=74312"]
[Date "2006.6.4"]
[Round "2"]
[White "fabian"]
[Black "luclever"]
[Result "0-1"]
[WhiteElo "1537"]
[BlackElo "1663"]

1. e4 c6 2. Nc3 d5 3. Qf3 dxe4 4. Nxe4 Nd7 5. Ng5 Ngf6 6. Bc4 Ne5 7. Qc3 Nxc4 8.
Qxc4 Nd5 9. N1f3 h6 10. Ne4 g6 11. b3 Bg7 12. c3 Bf5 13. Bb2 O-O 14. Nd4 Bxd4
15. Qxd4 e5 16. Qxe5 Re8 17. Qg3 Rxe4+ 18. Kf1 Rg4 19. Qf3 Nf4 20. h3 Bd3+ 21.
Ke1 Qe7+ 22. Kd1 Be2+ 23. Kc2 Bxf3 24. gxf3 Rg2 25. h4 Qe2 26. b4 Rd8 27. Rhe1
Rxd2+ 28. Kb3 Rxb2+ 29. Ka3 Rxa2+ 30. Rxa2 Qxe1 31. Kb3 Nd5 32. c4 Qxb4+ 33. Kc2
Rxf2+ 34. Kd3 Qc3+ 35. Ke4 f5# 0-1